Lord Jim (Record no. 80818)
[ view plain ]
| 000 -LEADER | |
|---|---|
| fixed length control field | 00960nam a2200205Ia 4500 |
| 003 - CONTROL NUMBER IDENTIFIER | |
| control field | OSt |
| 005 - DATE AND TIME OF LATEST TRANSACTION | |
| control field | 20260223093919.0 |
| 008 - FIXED-LENGTH DATA ELEMENTS--GENERAL INFORMATION | |
| fixed length control field | 210210b1935 xxu||||| |||| 00| 0 eng d |
| 040 ## - CATALOGING SOURCE | |
| Transcribing agency | AL |
| 041 ## - LANGUAGE CODE | |
| Language code of text/sound track or separate title | eng |
| 082 ## - DEWEY DECIMAL CLASSIFICATION NUMBER | |
| Classification number | 823.8 CONL |
| 100 ## - MAIN ENTRY--PERSONAL NAME | |
| Personal name | Joseph Conrad |
| 9 (RLIN) | 256395 |
| 245 ## - TITLE STATEMENT | |
| Title | Lord Jim |
| 260 ## - PUBLICATION, DISTRIBUTION, ETC. | |
| Place of publication, distribution, etc. | London |
| Name of publisher, distributor, etc. | Everyman's Library |
| Date of publication, distribution, etc. | 1935 |
| 300 ## - PHYSICAL DESCRIPTION | |
| Extent | xii,307p |
| 520 ## - SUMMARY, ETC. | |
| Summary, etc. | This compact novel, completed in 1900, as with so many of the great novels of the time, is at its baseline a book of the sea. An English boy in a simple town has dreams bigger than the outdoors and embarks at an early age into the sailor's life. The waters he travels reward him with the ability to explore the human spirit, while Joseph Conrad launches the story into both an exercise of his technical prowess and a delicately crafted picture of a character who reaches the status of a literary hero. |
| 690 ## - LOCAL SUBJECT ADDED ENTRY--TOPICAL TERM (OCLC, RLIN) | |
| Topical term or geographic name as entry element | English Fiction |
| 9 (RLIN) | 256396 |
| 906 ## - LOCAL DATA ELEMENT F, LDF (RLIN) | |
| a | 029604 |
| 942 ## - ADDED ENTRY ELEMENTS (KOHA) | |
| Source of classification or shelving scheme | Dewey Decimal Classification |
| Koha item type | Book |
| Withdrawn status | Lost status | Source of classification or shelving scheme | Damaged status | Not for loan | Collection code | Home library | Current library | Shelving location | Date acquired | Cost, normal purchase price | Total Checkouts | Full call number | Barcode | Date last seen | Price effective from | Koha item type |
|---|---|---|---|---|---|---|---|---|---|---|---|---|---|---|---|---|
| Dewey Decimal Classification | English | St Aloysius Library | St Aloysius Library | Secondary stack section | 02/17/2021 | 0.00 | 823.8 CONL | 029604 | 02/17/2021 | 02/17/2021 | Book |